00364nam a2200181Ia 4500003000900000008004100009040001300050040001300063041000800076100001800084245001700102250001200119260001400131260000900145300001000154300001200164490000600176IT-RoPAU120407s9999 xx 000 0 und d aIT-RoPAU cIT-RoPAU aita aG. G. Leibniz aMonadologia. aBrescia aLa Scuola c1938 a84 p. c20,5 cm v1